| 000 | 01681nam0a2200337 4500 | ||
|---|---|---|---|
| 001 | RU\NLR\bibl\1331735 | ||
| 005 | 20260407113410.0 | ||
| 010 |
_a978-5-8455-0150-9 _921000 |
||
| 021 |
_aRU _b2008-102841 _96050 |
||
| 035 | _a(NLR Aleph) 001316962 | ||
| 090 |
_a715299 _c715299 |
||
| 100 | _a20090220d2008 |||y0rusy50 ca | ||
| 101 | 0 | _arus | |
| 102 | _aRU | ||
| 105 | _aa ||||||||| | ||
| 200 | 1 |
_aСказанное слово забудется, написанное - запомнится _e[3 класс _eисторические рассказы] _fПравительство Москвы, Департамент образования г. Москвы, Моск. гор. пед. ун-т _g[сост.: д.п.н., проф. Н.Н. Светловская, к.п.н. Т.С. Пиче-оол _gхудож. И.Р. Голуб] |
|
| 210 |
_aМосква _cЖизнь и мысль _cМосковские учебники _d2008 |
||
| 215 |
_a143 с. _cил., цв. ил., факс. _d23 |
||
| 225 | 1 | _aБиблиотечка МГПУ | |
| 225 | 1 | _aКнига, здравствуй! | |
| 686 | _aШ9(2)60=Р7-4я43 | ||
| 702 | 1 |
_aСветловская _bН. Н. _gНаталия Николаевна _4220 |
|
| 702 | 1 |
_4440 _8rus _7ca _aГолуб _bИ. Р. _cхудожник _f1970- _gИрина Робертовна _3RU\NLR\auth\7778501 _961429 |
|
| 712 | 0 | 2 |
_4570 _aМосковский городской педагогический университет _3RU\NLR\AUTH\889943118 _9381357 |
| 801 | 0 |
_aRU _bNLR _c20090220 _gRCR |
|
| 801 | 1 |
_aRU _bNLR _c20090220 |
|
| 830 | _aсост. по кн., ил. по ЭК | ||
| 942 | _cBOOK | ||
| 980 | _aNB | ||